Lesní cesty - cvičení /

Hlavní autor: Tománek, Jaroslav
Korporativní autor: Česká zemědělská univerzita v Praze. Katedra lesnických technologií a staveb
Jazyk: Čeština
Vydáno: Praha : Česká zemědělská univerzita v Praze, Fakulta lesnická a dřevařská, 2018
Vydání: Vydání druhé (aktualizované)
Témata:
Fyzický popis: 119 stran : ilustrace (některé barevné), plány ; 30 cm
Knihy
Uloženo v:
LEADER 01875nam a2200469 i 4500
001 nkc20183039266
003 CZ PrNK
005 20190305142102.0
007 ta
008 181004s2018 xr ae e p 001 0 cze
015 |a cnb003039266 
020 |a 978-80-213-2879-2  |q (brožováno) 
035 |a (OCoLC)1096285514 
040 |a BOA001  |b cze  |e rda 
072 7 |a 630  |x Lesnictví  |2 Konspekt  |9 24 
072 7 |a 37.016  |x Učební osnovy. Vyučovací předměty. Učebnice  |2 Konspekt  |9 22 
080 |a 630.38  |2 MRF 
080 |a (075.8)  |2 MRF 
080 |a (076.5)  |2 MRF 
100 1 |a Tománek, Jaroslav  |7 ola2009507819  |4 aut 
245 1 0 |a Lesní cesty - cvičení /  |c Tománek Jaroslav 
250 |a Vydání druhé (aktualizované) 
264 1 |a Praha :  |b Česká zemědělská univerzita v Praze, Fakulta lesnická a dřevařská,  |c 2018 
300 |a 119 stran :  |b ilustrace (některé barevné), plány ;  |c 30 cm 
336 |a text  |b txt  |2 rdacontent 
337 |a bez média  |b n  |2 rdamedia 
338 |a svazek  |b nc  |2 rdacarrier 
500 |a Název z obálky 
500 |a Na obálce nad názvem: Česká zemědělská univerzita v Praze, Fakulta lesnická a dřevařská, katedra lesnických technologií a staveb 
504 |a Obsahuje bibliografii a rejstřík 
650 0 7 |a lesní cesty  |7 ph115111  |2 czenas 
650 0 9 |a forest roads  |2 eczenas 
655 7 |a učebnice vysokých škol  |7 fd133772  |2 czenas 
655 7 |a praktická cvičení  |7 fd133118  |2 czenas 
655 9 |a textbooks (higher)  |2 eczenas 
655 9 |a problems, exercises, etc.  |2 eczenas 
710 2 |a Česká zemědělská univerzita v Praze.  |b Katedra lesnických technologií a staveb  |7 ko2017938318  |4 isb 
910 2 |a BOA001  |b 4-1421.796 
990 |a BK 
995 |a 01 
991 |b 201902  |c NOV 
996 6 |b 2610769866  |c 4-1421.796  |l MZK  |r Sklad / do 1 hodiny  |n 0  |p p.v.  |w 001706931  |u 000010  |a 1  |e BOA001  |j MZK50  |s P